[Event "Langley Rapid"]
[Site "Langley CAN"]
[Date "2023.10.21"]
[Round "4.1"]
[White "Ortiz, Orven"]
[Black "Nunez Asencio, Jorge"]
[Result "0-1"]
[WhiteElo "1630"]
[BlackElo "2252"]
[PlyCount "42"]
[EventDate "2023.10.21"]
[EventType "swiss (rapid)"]
[EventRounds "6"]
[EventCountry "CAN"]

1. Nf3 d5 2. d4 Nf6 3. e3 c6 4. h3 Bf5 5. Bd3 Bg6 6. Nbd2 e6 7. O-O Nbd7 8. Qe2
Ne4 9. c4 Bd6 10. c5 Bc7 11. Rd1 O-O 12. a4 f5 13. Nf1 Bh5 14. Bd2 Ng5 15. Ng3
Nxf3+ 16. gxf3 Qh4 17. Kg2 Rf6 18. Nxh5 Rg6+ 19. Ng3 Bxg3 20. fxg3 Qxg3+ 21.
Kh1 Qxh3+ 0-1

[Event "Langley Rapid"]
[Site "Langley CAN"]
[Date "2023.10.21"]
[Round "4.2"]
[White "Liu, Zachary"]
[Black "Lu, Samuel"]
[Result "1-0"]
[WhiteElo "2172"]
[BlackElo "1275"]
[PlyCount "117"]
[EventDate "2023.10.21"]
[EventType "swiss (rapid)"]
[EventRounds "6"]
[EventCountry "CAN"]

1. Nf3 e6 2. d4 f5 3. g3 Nf6 4. Bg2 Be7 5. O-O O-O 6. c4 c6 7. Nc3 d5 8. Bf4
Bd6 9. Rc1 Bxf4 10. gxf4 Ne4 11. e3 Nxc3 12. Rxc3 Nd7 13. Kh1 Nb6 14. c5 Nd7
15. Rg1 Nf6 16. Rc2 Bd7 17. Ne5 Be8 18. Bf3 Nd7 19. Nd3 Qh4 20. Rg3 Qe7 21. Qe2
Rf6 22. b4 Rg6 23. Rxg6 Bxg6 24. a4 a6 25. Rb2 Rb8 26. b5 axb5 27. axb5 Qd8 28.
Qd2 Be8 29. Qc3 Nf6 30. bxc6 bxc6 31. Ra2 Qc7 32. Kg2 Bh5 33. Bxh5 Nxh5 34. Ne5
Qb7 35. Qc2 Nf6 36. Ra3 Nd7 37. Nd3 Nf6 38. Qa2 Qb5 39. Ne5 Rc8 40. Rb3 Rb8 41.
Rxb5 cxb5 42. Qa7 Rf8 43. c6 Ne8 44. c7 Nxc7 45. Qxc7 b4 46. Qb7 b3 47. Qxb3 h6
48. Qb6 Re8 49. Qc6 Rf8 50. Qxe6+ Kh7 51. Qxd5 Ra8 52. Qxa8 h5 53. Nf7 h4 54.
Ng5+ Kg6 55. Qc6+ Kh5 56. Qe8+ Kh6 57. d5 h3+ 58. Kg1 g6 59. Qh8# 1-0

[Event "Langley Rapid"]
[Site "Langley CAN"]
[Date "2023.10.21"]
[Round "4.3"]
[White "Trenton, Issac"]
[Black "Chen, Zhengyu"]
[Result "1-0"]
[WhiteElo "1549"]
[BlackElo "1719"]
[PlyCount "36"]
[EventDate "2023.10.21"]
[EventType "swiss (rapid)"]
[EventRounds "6"]
[EventCountry "CAN"]

1. e4 e6 2. d4 d5 3. Nd2 dxe4 4. Nxe4 Nd7 5. Nf3 Ngf6 6. Bg5 Be7 7. Nxf6+ Bxf6
8. Bxf6 Qxf6 9. Bd3 c5 10. c3 O-O 11. O-O cxd4 12. Nxd4 Nc5 13. Bc2 Rd8 14. Qf3
Qxf3 15. Nxf3 b6 16. Rad1 Ba6 17. Rd4 Rd7 18. Rxd7 Rd8 1-0

[Event "Langley Rapid"]
[Site "Langley CAN"]
[Date "2023.10.21"]
[Round "4.4"]
[White "Sooriarachchi, Nethaji"]
[Black "Cranswick, Owen"]
[Result "1-0"]
[WhiteElo "1347"]
[BlackElo "1216"]
[PlyCount "67"]
[EventDate "2023.10.21"]
[EventType "swiss (rapid)"]
[EventRounds "6"]
[EventCountry "CAN"]

1. Nf3 Nf6 2. d4 d6 3. Bf4 g6 4. e3 Bg7 5. Bc4 Nc6 6. Nbd2 Bf5 7. c3 O-O 8. O-O
Nh5 9. Re1 Nxf4 10. exf4 Bh6 11. Ng5 Na5 12. g3 Nxc4 13. Nxc4 Qd7 14. Ne3 Rfe8
15. Qb3 Bxg5 16. fxg5 Be4 17. f3 Bc6 18. d5 Ba4 19. Qb4 c5 20. Qh4 e6 21. Ng4
Kf8 22. Nf6 Qb5 23. Nxe8 Rxe8 24. Qxh7 Qxb2 25. Qh8+ Ke7 26. Qf6+ Kd7 27. Qxf7+
Kc8 28. dxe6 Qxc3 29. e7 Bc6 30. Qe6+ Kb8 31. Qxd6+ Kc8 32. Rad1 Qxf3 33. Qd8+
Rxd8 34. exd8=Q# 1-0

[Event "Langley Rapid"]
[Site "Langley CAN"]
[Date "2023.10.21"]
[Round "4.5"]
[White "Shahidi, Mohammad Rez"]
[Black "Wang, Jordan"]
[Result "0-1"]
[WhiteElo "930"]
[BlackElo "869"]
[PlyCount "72"]
[EventDate "2023.10.21"]
[EventType "swiss (rapid)"]
[EventRounds "6"]
[EventCountry "CAN"]

1. d4 d5 2. Bf4 Nf6 3. e3 Bf5 4. c3 e6 5. Nd2 Bd6 6. Bg5 Nc6 7. Ngf3 h6 8. Bh4
g5 9. Bg3 Bxg3 10. hxg3 Qd6 11. Bb5 O-O-O 12. Qe2 a6 13. Bxc6 Qxc6 14. Ne5 Qe8
15. Nb3 h5 16. Nc5 h4 17. gxh4 gxh4 18. Nxa6 h3 19. g3 Ne4 20. Nc5 f6 21. Nxb7
Kxb7 22. Nd3 Qe7 23. Qc2 Rdg8 24. a4 h2 25. a5 Bg4 26. Qb3+ Ka6 27. c4 Bf3 28.
c5 Rb8 29. Qa4 Bxh1 30. Qc6+ Ka7 31. b4 Bf3 32. Qb6+ cxb6 33. axb6+ Kb7 34.
Ra7+ Kc6 35. b5+ Kxb5 36. Ra5+ Kxa5 0-1

[Event "Langley Rapid"]
[Site "Langley CAN"]
[Date "2023.10.21"]
[Round "5.1"]
[White "Nunez Asencio, Jorge"]
[Black "Trenton, Issac"]
[Result "1-0"]
[WhiteElo "2252"]
[BlackElo "1549"]
[PlyCount "91"]
[EventDate "2023.10.21"]
[EventType "swiss (rapid)"]
[EventRounds "6"]
[EventCountry "CAN"]

1. d4 d5 2. c4 e6 3. Nc3 Nf6 4. cxd5 exd5 5. Bg5 c6 6. e3 Be7 7. Bd3 O-O 8. Qc2
h6 9. Bf4 b6 10. Nf3 Bb7 11. O-O Bd6 12. Bxd6 Qxd6 13. Ne5 Nbd7 14. f4 Qe7 15.
Rf3 Rfe8 16. Raf1 Rac8 17. Bf5 c5 18. Qa4 Rcd8 19. Qxa7 Bc8 20. Nc6 Qd6 21.
Nxd8 Rxd8 22. Nb5 Qc6 23. Qc7 Qxc7 24. Nxc7 Bb7 25. Rc1 Ne4 26. Bxe4 dxe4 27.
Rff1 cxd4 28. exd4 Nf6 29. Rfd1 g5 30. fxg5 hxg5 31. h3 Nd5 32. Nxd5 Bxd5 33.
a3 f5 34. Rf1 f4 35. h4 f3 36. gxf3 exf3 37. hxg5 Kg7 38. Kf2 Re8 39. Rfe1 Rh8
40. Re5 Rh2+ 41. Ke3 Ba8 42. d5 Rxb2 43. Kxf3 Rb3+ 44. Kf4 Rxa3 45. Rc7+ Kf8
46. g6 1-0

[Event "Langley Rapid"]
[Site "Langley CAN"]
[Date "2023.10.21"]
[Round "5.2"]
[White "Ortiz, Bhell"]
[Black "Liu, Zachary"]
[Result "0-1"]
[WhiteElo "1701"]
[BlackElo "2172"]
[PlyCount "101"]
[EventDate "2023.10.21"]
[EventType "swiss (rapid)"]
[EventRounds "6"]
[EventCountry "CAN"]

1. Nf3 d5 2. d4 Nf6 3. c4 c6 4. Nc3 e6 5. e3 Nbd7 6. Bd3 dxc4 7. Bxc4 Bd6 8.
O-O b5 9. Bd3 O-O 10. a3 Bb7 11. Qe2 a6 12. Rd1 Qe7 13. e4 e5 14. Bg5 h6 15.
Bh4 Rfe8 16. Bc2 c5 17. dxc5 Bxc5 18. Nd5 Bxd5 19. Rxd5 g5 20. Bg3 Nxd5 21.
exd5 e4 22. Ne1 f5 23. Bb3 Bd6 24. Qh5 Kg7 25. Bxd6 Qxd6 26. Nc2 Qe5 27. Rd1
Nf6 28. Qh3 g4 29. Qh4 Rad8 30. Nd4 Rd6 31. Qg3 Qxg3 32. hxg3 Kg6 33. Ne6 Rc8
34. Kf1 Nd7 35. Ke1 Kf6 36. Rd2 Nc5 37. Rc2 Nd3+ 38. Ke2 Rxc2+ 39. Bxc2 Nxb2
40. Bb3 Nc4 41. Nf4 Nxa3 42. Ke3 Nc4+ 43. Kd4 a5 44. Kc5 Ke5 45. Kxb5 Nd2 46.
Ba2 Nf1 47. Bc4 Nd2 48. Ba2 e3 49. Nd3+ Kd4 50. fxe3+ Kxd3 51. Kc5 0-1

[Event "Langley Rapid"]
[Site "Langley CAN"]
[Date "2023.10.21"]
[Round "5.3"]
[White "Landingin, Jofrel"]
[Black "Ortiz, Orven"]
[Result "0-1"]
[WhiteElo "1652"]
[BlackElo "1630"]
[PlyCount "68"]
[EventDate "2023.10.21"]
[EventType "swiss (rapid)"]
[EventRounds "6"]
[EventCountry "CAN"]

1. e4 e5 2. Bb5 c6 3. Ba4 Nf6 4. d3 Bc5 5. h3 O-O 6. Be3 Bb4+ 7. c3 Ba5 8. Nf3
Bc7 9. O-O b5 10. Bc2 d5 11. Bg5 h6 12. Bh4 Be6 13. Re1 Nbd7 14. Nbd2 g5 15.
Bg3 dxe4 16. Nxe4 Nxe4 17. Rxe4 f5 18. Rxe5 Nxe5 19. Bxe5 Bxe5 20. Nxe5 Qd5 21.
d4 c5 22. Qh5 Rf6 23. Rd1 Bf7 24. Nxf7 Qxf7 25. Qf3 Rd8 26. dxc5 Rxd1+ 27. Bxd1
Qc7 28. b4 Kg7 29. Bb3 a5 30. Qd5 Rf8 31. c6 a4 32. Qxb5 axb3 33. axb3 Rd8 34.
Qb7 Re8 0-1

[Event "Langley Rapid"]
[Site "Langley CAN"]
[Date "2023.10.21"]
[Round "5.4"]
[White "Vilches, Rio"]
[Black "Sooriarachchi, Nethaji"]
[Result "0-1"]
[WhiteElo "1187"]
[BlackElo "1347"]
[PlyCount "94"]
[EventDate "2023.10.21"]
[EventType "swiss (rapid)"]
[EventRounds "6"]
[EventCountry "CAN"]

1. e4 d5 2. Nc3 d4 3. Nce2 e5 4. f4 Bd6 5. Nf3 Nc6 6. d3 Bg4 7. Neg1 exf4 8. h3
Bh5 9. b3 Ne5 10. Be2 Bxf3 11. Bxf3 Qh4+ 12. Ke2 Qg3 13. Qe1 Nxf3 14. Qxg3
Nxg1+ 15. Rxg1 fxg3 16. Bb2 c5 17. Rgf1 Nf6 18. Rf5 O-O 19. Raf1 Rfe8 20. Bc1
Re5 21. R5f3 Rae8 22. Kd1 R5e6 23. Bg5 Be5 24. Rf5 h6 25. Bxf6 Rxf6 26. Ke2
Rxf5 27. Rxf5 g6 28. Rf3 Re6 29. a3 Rf6 30. Rxf6 Bxf6 31. Kf3 Be5 32. Kg4 Kg7
33. h4 h5+ 34. Kf3 f5 35. a4 f4 36. Ke2 Bf6 37. Kf3 Be5 38. Ke2 Kf6 39. Kd1 Ke6
40. Ke2 Bf6 41. Kf3 Ke5 42. a5 Bxh4 43. Ke2 g5 44. Kd2 g4 45. c3 f3 46. cxd4+
Kxd4 47. gxf3 gxf3 0-1

[Event "Langley Rapid"]
[Site "Langley CAN"]
[Date "2023.10.21"]
[Round "5.5"]
[White "Lee, Kanghae"]
[Black "Wang, Jordan"]
[Result "1/2-1/2"]
[WhiteElo "903"]
[BlackElo "869"]
[PlyCount "69"]
[EventDate "2023.10.21"]
[EventType "swiss (rapid)"]
[EventRounds "6"]
[EventCountry "CAN"]

1. e4 c5 2. Nf3 d6 3. Bc4 Nf6 4. Nc3 g6 5. O-O Bg7 6. b3 Nc6 7. d4 cxd4 8. Nxd4
Bd7 9. Re1 O-O 10. Bb2 Rc8 11. Nd5 Nxd5 12. Nxc6 Bxc6 13. Bxg7 Kxg7 14. exd5
Bd7 15. Qd4+ Kg8 16. Qxa7 b5 17. Bf1 Rxc2 18. Qe3 e6 19. dxe6 fxe6 20. Rec1
Rcxf2 21. Qxf2 Rxf2 22. Kxf2 Qb6+ 23. Ke1 Qe3+ 24. Be2 Qg1+ 25. Kd2 Qxg2 26. a4
Qd5+ 27. Kc3 bxa4 28. bxa4 Bxa4 29. Rxa4 Qc6+ 30. Rc4 Qg2 31. Rc8+ Kg7 32. Kd2
Qxh2 33. R1c7+ Kh6 34. Rh8 Qf4+ 35. Ke1 1/2-1/2

[Event "Langley Rapid"]
[Site "Langley CAN"]
[Date "2023.10.21"]
[Round "6.1"]
[White "Lu, Samuel"]
[Black "Nunez Asencio, Jorge"]
[Result "0-1"]
[WhiteElo "1275"]
[BlackElo "2252"]
[PlyCount "72"]
[EventDate "2023.10.21"]
[EventType "swiss (rapid)"]
[EventRounds "6"]
[EventCountry "CAN"]

1. e4 c5 2. Nc3 a6 3. f4 b5 4. Nf3 Bb7 5. d3 e6 6. g3 d5 7. exd5 exd5 8. Bg2
Nf6 9. O-O Be7 10. Kh1 d4 11. Ne2 O-O 12. h3 Nbd7 13. Ne1 Qc7 14. Bxb7 Qxb7+
15. Nf3 Rfe8 16. Kg1 Nd5 17. Bd2 Bd6 18. Re1 Ne3 19. Bxe3 Rxe3 20. Nd2 Rae8 21.
Ne4 Bf8 22. Kh2 f5 23. Nd2 h5 24. Nf1 h4 25. Nxe3 Rxe3 26. Rg1 Qf3 27. Rg2
hxg3+ 28. Nxg3 Qxf4 29. Qf1 Rf3 30. Qe2 Bd6 31. Rf1 Rxf1 32. Qxf1 Qxf1 33. Rg1
Qf2+ 34. Rg2 Bxg3+ 35. Kh1 Qf1+ 36. Rg1 Qxh3# 0-1

[Event "Langley Rapid"]
[Site "Langley CAN"]
[Date "2023.10.21"]
[Round "6.2"]
[White "Liu, Zachary"]
[Black "Ortiz, Orven"]
[Result "1-0"]
[WhiteElo "2172"]
[BlackElo "1630"]
[PlyCount "75"]
[EventDate "2023.10.21"]
[EventType "swiss (rapid)"]
[EventRounds "6"]
[EventCountry "CAN"]

1. e4 c5 2. Nf3 d6 3. d4 cxd4 4. Nxd4 Nf6 5. Nc3 g6 6. Be3 Bg7 7. f3 Nc6 8. Qd2
O-O 9. Bc4 Bd7 10. O-O-O Nxd4 11. Bxd4 a5 12. a4 Rc8 13. Bb3 Qe8 14. g4 b5 15.
axb5 Bxb5 16. Nxb5 Qxb5 17. Qd3 Qb4 18. Bc3 Rxc3 19. Qxc3 Qb7 20. Qc4 a4 21.
Bxa4 Rb8 22. Bb3 Bh6+ 23. Kb1 e6 24. h4 Bf4 25. h5 Ra8 26. hxg6 hxg6 27. g5 Qa7
28. c3 Nh5 29. Kc2 Qf2+ 30. Kb1 Qxf3 31. Rdf1 Qe3 32. Rxh5 gxh5 33. g6 d5 34.
exd5 e5 35. gxf7+ Kf8 36. d6 Qa7 37. Kc2 Qb7 38. Rg1 1-0

[Event "Langley Rapid"]
[Site "Langley CAN"]
[Date "2023.10.21"]
[Round "6.3"]
[White "Trenton, Issac"]
[Black "Wu, Bowen"]
[Result "1/2-1/2"]
[WhiteElo "1549"]
[BlackElo "1586"]
[PlyCount "59"]
[EventDate "2023.10.21"]
[EventType "swiss (rapid)"]
[EventRounds "6"]
[EventCountry "CAN"]

1. e4 c5 2. Nf3 Nc6 3. Bb5 g6 4. Bxc6 dxc6 5. O-O Bg7 6. Re1 Bg4 7. h3 Bxf3 8.
Qxf3 Nf6 9. e5 Nd5 10. c3 O-O 11. d4 cxd4 12. cxd4 Qb6 13. Nc3 Nxc3 14. bxc3
Qa5 15. a4 Qd5 16. Qxd5 cxd5 17. Rb1 b6 18. Ba3 Rfe8 19. Rb5 e6 20. a5 bxa5 21.
Rxa5 Bf8 22. Rb1 Bxa3 23. Rxa3 Re7 24. Kh2 Rc7 25. Kg3 Rac8 26. Rbb3 a5 27. f3
a4 28. Rxa4 Rxc3 29. Rb7 R8c7 30. Rxc7 1/2-1/2

[Event "Langley Rapid"]
[Site "Langley CAN"]
[Date "2023.10.21"]
[Round "6.4"]
[White "Sooriarachchi, Nethaji"]
[Black "Li, James"]
[Result "1-0"]
[WhiteElo "1347"]
[BlackElo "1162"]
[PlyCount "52"]
[EventDate "2023.10.21"]
[EventType "swiss (rapid)"]
[EventRounds "6"]
[EventCountry "CAN"]

1. Nf3 Nf6 2. d4 d5 3. Bf4 Bf5 4. c4 e6 5. Qb3 Qc8 6. Nc3 Be7 7. cxd5 O-O 8.
dxe6 Bxe6 9. d5 Bf5 10. Nb5 Na6 11. Rc1 Bb4+ 12. Bd2 Bxd2+ 13. Nxd2 Qd7 14. Nc3
Rfe8 15. e3 Nc5 16. Qb5 b6 17. Qxd7 Nfxd7 18. e4 Nxe4 19. Ncxe4 Bxe4 20. Nxe4
Re7 21. Be2 Rxe4 22. f3 Nc5 23. Kf2 Re7 24. b4 Rd8 25. Rhd1 Nb7 26. Rc6 Rd6 1-0

[Event "Langley Rapid"]
[Site "Langley CAN"]
[Date "2023.10.21"]
[Round "6.5"]
[White "Wang, Jordan"]
[Black "Jiao, Allen"]
[Result "1-0"]
[WhiteElo "869"]
[BlackElo "892"]
[PlyCount "30"]
[EventDate "2023.10.21"]
[EventType "swiss (rapid)"]
[EventRounds "6"]
[EventCountry "CAN"]

1. e4 c6 2. d4 d5 3. e5 c5 4. c3 Nc6 5. Nf3 cxd4 6. cxd4 Bg4 7. Be2 e6 8. O-O
Nge7 9. Be3 Nf5 10. h3 Nxe3 11. fxe3 Bh5 12. Nc3 Qb6 13. Qb3 Qxb3 14. axb3 Be7
15. Nb5 O-O 1-0

[Event "Langley op"]
[Site "Langley CAN"]
[Date "2023.09.02"]
[Round "1.1"]
[White "Nunez Asencio, Jorge"]
[Black "Belleau, David"]
[Result "1-0"]
[WhiteElo "2338"]
[BlackElo "1845"]
[PlyCount "85"]
[EventDate "2023.09.02"]
[EventType "swiss"]
[EventRounds "6"]
[EventCountry "CAN"]

1. d4 d5 2. c4 e6 3. Nc3 Nf6 4. Nf3 Be7 5. Bf4 O-O 6. e3 c6 7. c5 Nbd7 8. h3
Re8 9. Bd3 Nf8 10. O-O N6d7 11. e4 Nf6 12. e5 N6d7 13. b4 g5 14. Bh2 f5 15.
exf6 Bxf6 16. Re1 Qe7 17. Qd2 Qg7 18. Ne5 a5 19. b5 Nxe5 20. Bxe5 Bxe5 21. Rxe5
h6 22. Rae1 Bd7 23. b6 Re7 24. f4 gxf4 25. Qxf4 Rf7 26. Qe3 Rf6 27. Ne2 Be8 28.
Nf4 Bf7 29. Rf1 Nd7 30. Rf3 Nxe5 31. dxe5 Rxf4 32. Rxf4 Kf8 33. Rf6 h5 34. Bg6
Qxg6 35. Rxg6 Bxg6 36. Qh6+ Kf7 37. Qf4+ Bf5 38. Qg5 Rg8 39. Qxh5+ Ke7 40. g4
Bg6 41. Qg5+ Ke8 42. Qd2 a4 43. Qa5 1-0

[Event "Langley op"]
[Site "Langley CAN"]
[Date "2023.09.02"]
[Round "1.2"]
[White "Gao, Justin"]
[Black "Doknjas, John"]
[Result "0-1"]
[WhiteElo "1826"]
[BlackElo "2293"]
[PlyCount "82"]
[EventDate "2023.09.02"]
[EventType "swiss"]
[EventRounds "6"]
[EventCountry "CAN"]

1. e4 c6 2. d4 d5 3. exd5 cxd5 4. Bd3 Nc6 5. c3 Nf6 6. h3 Qc7 7. Qf3 Nxd4 8.
Qd1 Nc6 9. Ne2 e5 10. Be3 Be7 11. Nd2 O-O 12. O-O Ne8 13. f4 e4 14. Bc2 Nd6 15.
Nd4 Nxd4 16. Bxd4 Nf5 17. Nb3 Bd6 18. Qd2 Ng3 19. Rf2 Bxf4 20. Rxf4 Qxf4 21.
Be3 Qe5 22. Nd4 Nf5 23. Nxf5 Bxf5 24. Rf1 Bg6 25. Bd4 e3 26. Qe2 Qe6 27. Ba4 f5
28. Rf4 Be8 29. Qxe3 Qxe3+ 30. Bxe3 Bxa4 31. Rxa4 Rfe8 32. Kf2 b6 33. Rd4 Rad8
34. Kf3 Kf7 35. a4 Re4 36. Rd2 Rxa4 37. b3 Re4 38. Bd4 g5 39. Kf2 h5 40. g3 h4
41. Rd3 Rd7 0-1

[Event "Langley op"]
[Site "Langley CAN"]
[Date "2023.09.02"]
[Round "1.3"]
[White "Qu, Leo"]
[Black "Zou, Alex"]
[Result "1-0"]
[WhiteElo "2213"]
[BlackElo "1821"]
[PlyCount "94"]
[EventDate "2023.09.02"]
[EventType "swiss"]
[EventRounds "6"]
[EventCountry "CAN"]

1. d4 d5 2. Nf3 Nf6 3. Bf4 Bd7 4. Nc3 e6 5. e3 Nc6 6. a3 Be7 7. h3 a6 8. Bd3
Na7 9. Qe2 c5 10. dxc5 Bxc5 11. O-O h6 12. Rab1 O-O 13. b4 Bb6 14. e4 Rc8 15.
e5 Nh7 16. Qd2 Rc7 17. a4 Nc6 18. Ne2 g5 19. Bh2 Ne7 20. a5 Ba7 21. Ned4 Nf5
22. Nxf5 exf5 23. e6 fxe6 24. Bxc7 Qxc7 25. Qe2 g4 26. hxg4 fxg4 27. Ne5 h5 28.
c4 g3 29. Bxh7+ Kh8 30. c5 gxf2+ 31. Rxf2 Rxf2 32. Kxf2 Bb8 33. Re1 Qxe5 34.
Qxe5+ Bxe5 35. Rxe5 Kxh7 36. Rxh5+ Kg6 37. Re5 Kf6 38. Re1 Kf5 39. Kf3 e5 40.
g4+ Ke6 41. Rh1 d4 42. Rh6+ Ke7 43. g5 Bf5 44. Rd6 d3 45. Ke3 e4 46. Rb6 d2 47.
Kxd2 Bc8 1-0

[Event "Langley op"]
[Site "Langley CAN"]
[Date "2023.09.02"]
[Round "1.4"]
[White "Kerry, James"]
[Black "Jiang, Kate"]
[Result "0-1"]
[WhiteElo "1817"]
[BlackElo "2211"]
[PlyCount "64"]
[EventDate "2023.09.02"]
[EventType "swiss"]
[EventRounds "6"]
[EventCountry "CAN"]

1. e4 e5 2. Nc3 Nc6 3. Bc4 Nf6 4. d3 Na5 5. Bb3 Nxb3 6. axb3 d5 7. exd5 Nxd5 8.
Nf3 Nxc3 9. bxc3 Bd6 10. O-O O-O 11. Nd2 c6 12. Ba3 Bxa3 13. Rxa3 Re8 14. Re1
f6 15. Qa1 a6 16. Ne4 b6 17. b4 f5 18. Nd2 Qc7 19. f4 Bb7 20. fxe5 Rxe5 21. Nc4
Re7 22. Rxe7 Qxe7 23. Qf1 Rf8 24. Ra1 Rf6 25. Qf4 c5 26. Qb8+ Rf8 27. Qd6 Qe2
28. Qg3 Qxc2 29. Nd6 Qxc3 30. Rf1 Qd4+ 31. Kh1 f4 32. Nc8 Bxc8 0-1

[Event "Langley op"]
[Site "Langley CAN"]
[Date "2023.09.02"]
[Round "1.5"]
[White "Zhu, Brandon"]
[Black "Koo, Minjun"]
[Result "1-0"]
[WhiteElo "2197"]
[BlackElo "1810"]
[PlyCount "93"]
[EventDate "2023.09.02"]
[EventType "swiss"]
[EventRounds "6"]
[EventCountry "CAN"]

1. d4 d5 2. c3 Nf6 3. e3 Bf5 4. Bd3 Bg6 5. Nf3 Nbd7 6. O-O e6 7. b3 Bd6 8. Ba3
Qe7 9. Bxd6 Qxd6 10. c4 c6 11. Nc3 O-O 12. Bxg6 hxg6 13. Qc2 Rac8 14. Rfd1 Qe7
15. e4 dxe4 16. Nxe4 Nxe4 17. Qxe4 Nf6 18. Qe1 Rfe8 19. b4 b6 20. a4 a6 21. h3
b5 22. c5 Nd5 23. axb5 axb5 24. Ra6 f6 25. Rda1 Qd7 26. Qb1 Kf7 27. Nd2 e5 28.
Ne4 Re6 29. dxe5 fxe5 30. Ra7 Rc7 31. Rxc7 Nxc7 32. Ng5+ Kg8 33. Nxe6 Qxe6 34.
Qe4 Qf6 35. Qg4 Qf5 36. Rd1 Na6 37. Qh4 Qh5 38. Rd8+ Kf7 39. Rd7+ Kg8 40. Qe4
Qf5 41. Qxc6 Nxb4 42. Qxb5 Qf4 43. Rd1 Qe4 44. Qd7 Qe2 45. Qg4 Qxg4 46. hxg4
Kf7 47. Rd6 1-0

[Event "Langley op"]
[Site "Langley CAN"]
[Date "2023.09.02"]
[Round "1.6"]
[White "Wang, Kai"]
[Black "Liu, Zachary"]
[Result "0-1"]
[WhiteElo "1777"]
[BlackElo "2186"]
[PlyCount "110"]
[EventDate "2023.09.02"]
[EventType "swiss"]
[EventRounds "6"]
[EventCountry "CAN"]

1. e4 c5 2. Nf3 Nc6 3. c3 d5 4. exd5 Qxd5 5. d4 e6 6. Be2 Nf6 7. Be3 cxd4 8.
cxd4 Be7 9. Nc3 Qd6 10. O-O O-O 11. Qd2 a6 12. Rfd1 Nb4 13. Bf4 Qd8 14. Ne5
Nbd5 15. Bg3 Nxc3 16. Qxc3 Ne4 17. Qb3 Nxg3 18. hxg3 Qd5 19. Qxd5 exd5 20. Bg4
f6 21. Bxc8 Raxc8 22. Nd3 Rc2 23. Rac1 Rfc8 24. Rxc2 Rxc2 25. Kf1 g5 26. Rc1
Rc4 27. Rxc4 dxc4 28. Ne1 Kf7 29. Ke2 Ke6 30. Nc2 Kd5 31. Kd2 Bd8 32. b3 cxb3
33. axb3 a5 34. Kc3 b5 35. f3 Bb6 36. g4 Ke6 37. Ne3 a4 38. bxa4 bxa4 39. Kb4
Bxd4 40. Nf5 Kd5 41. Kxa4 Kc4 42. Nxd4 Kxd4 43. Kb4 Ke3 44. Kc4 Kf2 45. Kd4
Kxg2 46. Ke4 Kg3 47. Ke3 Kg2 48. Ke2 Kh2 49. Kf2 Kh3 50. Ke2 Kg2 51. Ke3 Kg3
52. Ke4 Kf2 53. f4 Kg3 54. fxg5 fxg5 55. Kf5 Kh4 0-1

[Event "Langley op"]
[Site "Langley CAN"]
[Date "2023.09.02"]
[Round "1.7"]
[White "Fuentebella, Mayo"]
[Black "Wang, Daniel Ruohan"]
[Result "1-0"]
[WhiteElo "2174"]
[BlackElo "1764"]
[PlyCount "57"]
[EventDate "2023.09.02"]
[EventType "swiss"]
[EventRounds "6"]
[EventCountry "CAN"]

1. c4 Nf6 2. Nc3 e6 3. e4 Nc6 4. d4 Bb4 5. f3 d5 6. cxd5 exd5 7. e5 Nd7 8. f4
Nb6 9. Nf3 Bf5 10. Bd3 Qd7 11. O-O O-O-O 12. Ne2 h6 13. a3 Be7 14. b3 Rdg8 15.
Ng3 g6 16. Nxf5 gxf5 17. Qc2 Kb8 18. Bxf5 Qe8 19. Be3 Rg7 20. Bh3 Rhg8 21. Qd3
Nd7 22. Kh1 Nf8 23. Qb5 Qd8 24. Rfc1 a6 25. Qd3 f6 26. Rxc6 bxc6 27. Qxa6 Qe8
28. Rc1 c5 29. dxc5 1-0

[Event "Langley op"]
[Site "Langley CAN"]
[Date "2023.09.02"]
[Round "1.8"]
[White "Jiang, Zihao William"]
[Black "He, Matthew"]
[Result "0-1"]
[WhiteElo "1735"]
[BlackElo "2079"]
[PlyCount "66"]
[EventDate "2023.09.02"]
[EventType "swiss"]
[EventRounds "6"]
[EventCountry "CAN"]

1. e4 c6 2. d4 d5 3. exd5 cxd5 4. c4 e6 5. Nc3 Nf6 6. Nf3 Be7 7. Be2 O-O 8. c5
b6 9. b4 a5 10. Na4 Nbd7 11. c6 Bxb4+ 12. Bd2 Nb8 13. Bxb4 axb4 14. Rc1 Qc7 15.
Ne5 Ba6 16. Bxa6 Rxa6 17. Qb3 Ne4 18. Qxb4 f6 19. Nd3 Rc8 20. Qb3 Qa7 21. c7
Rxc7 22. Rxc7 Qxc7 23. Qb5 Qc6 24. Qxc6 Nxc6 25. Ndb2 b5 26. f3 bxa4 27. fxe4
Rb6 28. Nd1 dxe4 29. Kd2 Rb4 30. Nc3 Rxd4+ 31. Kc2 Rc4 32. Kb2 Ne5 33. Re1 Nd3+
0-1

[Event "Langley op"]
[Site "Langley CAN"]
[Date "2023.09.02"]
[Round "1.9"]
[White "Roback, Joe"]
[Black "Lu, Aiden Hao-Ting"]
[Result "1-0"]
[WhiteElo "2065"]
[BlackElo "1721"]
[PlyCount "111"]
[EventDate "2023.09.02"]
[EventType "swiss"]
[EventRounds "6"]
[EventCountry "CAN"]

1. e4 e5 2. Nf3 Nc6 3. Nc3 Nf6 4. Bb5 Bb4 5. O-O O-O 6. d3 d6 7. h3 a6 8. Ba4
h6 9. Ne2 Be6 10. c3 Ba5 11. Ng3 Ne7 12. d4 Ng6 13. Bc2 Re8 14. Re1 c6 15. Be3
Rc8 16. Nf5 Bc7 17. Qd2 Bxf5 18. exf5 Ne7 19. dxe5 dxe5 20. Rad1 Qxd2 21. Bxd2
Ned5 22. g3 Rcd8 23. c4 Nb6 24. b3 Nbd7 25. Kg2 Nc5 26. Be3 Nce4 27. Bc1 Rxd1
28. Bxd1 Bb6 29. Be3 Bxe3 30. Rxe3 Nd6 31. g4 e4 32. Nd2 Kh7 33. Bc2 c5 34. Kg3
g6 35. fxg6+ fxg6 36. Re2 Kg7 37. Nf1 g5 38. Rd2 Rd8 39. Ne3 Nf7 40. Nf5+ Kg6
41. Re2 Re8 42. f3 h5 43. Kf2 hxg4 44. hxg4 Re6 45. Ng3 Nd6 46. Bxe4+ Ndxe4+
47. Nxe4 Nxe4+ 48. fxe4 Kf6 49. Ke3 Ke5 50. Rf2 Rf6 51. Rf5+ Rxf5 52. gxf5 b5
53. Kf3 b4 54. Kg4 Kf6 55. e5+ Kxe5 56. Kxg5 1-0

[Event "Langley op"]
[Site "Langley CAN"]
[Date "2023.09.02"]
[Round "1.10"]
[White "Jarquin, Charlie"]
[Black "Mok, Erwin Jun-Han"]
[Result "0-1"]
[WhiteElo "1718"]
[BlackElo "2017"]
[PlyCount "64"]
[EventDate "2023.09.02"]
[EventType "swiss"]
[EventRounds "6"]
[EventCountry "CAN"]

1. e4 e6 2. d3 d5 3. Nd2 Nc6 4. Ngf3 Bd6 5. g3 Nf6 6. Bg2 O-O 7. O-O Qe7 8. Re1
dxe4 9. dxe4 e5 10. Nc4 Bc5 11. c3 Ng4 12. Ne3 Nxe3 13. Bxe3 Bxe3 14. Rxe3 Be6
15. Qc2 Rad8 16. b3 Qc5 17. Ne1 Qb6 18. Rd1 a5 19. Red3 Ra8 20. Nf3 h6 21. Nh4
Ne7 22. Qc1 a4 23. Qe3 Qc6 24. c4 b5 25. Nf5 Rae8 26. Nxe7+ Rxe7 27. cxb5 Qxb5
28. bxa4 Qxa4 29. Qc5 Rfe8 30. a3 Qa8 31. f4 Bg4 32. Qxe7 Qa7+ 0-1

[Event "Langley op"]
[Site "Langley CAN"]
[Date "2023.09.02"]
[Round "1.11"]
[White "Leong, Ryan"]
[Black "Xu, Joey"]
[Result "0-1"]
[WhiteElo "1939"]
[BlackElo "1683"]
[PlyCount "49"]
[EventDate "2023.09.02"]
[EventType "swiss"]
[EventRounds "6"]
[EventCountry "CAN"]

1. a3 e5 2. c4 c6 3. d4 exd4 4. Qxd4 Nf6 5. Nc3 Na6 6. b4 Nc7 7. Nf3 a5 8. Rb1
Ne6 9. Qd3 axb4 10. axb4 Qc7 11. e4 d5 12. cxd5 cxd5 13. exd5 Nd8 14. Nb5 Bxb4+
15. Kd1 Qa5 16. Qc4 Qa4+ 17. Rb3 Nxd5 18. Qxd5 O-O 19. Nc7 Be6 20. Nxe6 Nxe6
21. Qc4 Nc5 22. Qxb4 Qxb3+ 23. Qxb3 Nxb3 24. Bd3 Ra2 25. Re1 0-1

[Event "Langley op"]
[Site "Langley CAN"]
[Date "2023.09.02"]
[Round "1.12"]
[White "Chen, Zhengyu"]
[Black "Salcedo, Daniel E"]
[Result "0-1"]
[WhiteElo "1620"]
[BlackElo "1926"]
[PlyCount "40"]
[EventDate "2023.09.02"]
[EventType "swiss"]
[EventRounds "6"]
[EventCountry "CAN"]

1. e4 c5 2. Nc3 d6 3. d4 cxd4 4. Qxd4 a6 5. Nd5 Nc6 6. Qb6 Qxb6 7. Nxb6 Rb8 8.
Be3 Nf6 9. f3 g6 10. Bc4 Bg7 11. O-O-O O-O 12. Ne2 Nd7 13. Kb1 Nxb6 14. Bxb6
Bd7 15. Nd4 Rbc8 16. Bd5 Ne5 17. Ba5 Nc4 18. Bc3 Ne3 19. Bxb7 Nxd1 20. Rxd1
Rxc3 0-1